000 00854nam a22002537a 4500
001 8287
003 FISKH
005 20250908142821.0
008 250908b cb ||||| |||| 00| 0 eng d
020 _a9781740898126
040 _aFISKH
_beng
_cFISKH
_dFISKH
082 _a623.82 ODG t/3
100 _aOdgers, Sally
245 _aThe titanic /
_cBy Sally Odgers
260 _aSydney :
_bWeldon Owen Publishing ,
_c2008.
300 _a31 pages :
_bcolor illustrations ;
_c23 cm.
490 _aTopReaders
_vStage 3
505 _aK
520 _aThis is the story of the Titanic, the doomed ocean liner. On her very first voyage, the ship left Europe for the USA, but never arrived at its destination. What could have happened?
521 8 _a510
_bLexile estimate
521 8 _aK
_bRaz-Plus
942 _2ddc
_cBK
_n0
999 _c8287
_d8287